Rapid mixing and sampling techniques in biochemistry (Record no. 25879)

MARC details
000 -LEADER
fixed length control field 00630nam a2200169Ia 4500
082 ## - DEWEY DECIMAL CLASSIFICATION NUMBER
Classification number 577.1(06)
Item number CHA
245 #0 - TITLE STATEMENT
Title Rapid mixing and sampling techniques in biochemistry
260 ## - PUBLICATION, DISTRIBUTION, ETC. (IMPRINT)
Place of publication New York
Name of publisher Academic
Year of publication 1964
505 ## - FORMATTED CONTENTS NOTE
Formatted contents note Proceedings of the first international colloquium as rapid mixing and sampling techniques applicable to the study of biochemical reactions, Philadelphia, July 23 and 24, 1964
650 ## - SUBJECT ADDED ENTRY--TOPICAL TERM
Topical Term Biochemistry
650 ## - SUBJECT ADDED ENTRY--TOPICAL TERM
Topical Term Rapid flow method
650 ## - SUBJECT ADDED ENTRY--TOPICAL TERM
Topical Term Sampling techniques
650 ## - SUBJECT ADDED ENTRY--TOPICAL TERM
Topical Term Tissue freeze quenching
700 ## - ADDED ENTRY--PERSONAL NAME
Personal name CHANCE, Britton
942 ## - ADDED ENTRY ELEMENTS (KOHA)
Koha item type Books
Holdings
Withdrawn status Lost status Damaged status Not for loan Home library Current library Date acquired Full call number Accession Number Koha item type
        RRII Library RRII Library 16/12/2021 577.1(06) CHA 06522 Books